00582 2200181 4500001002100000005001500021035002000036007000300056008004100059020002200100082001400122084001500136100002000151245011300171250001600284260006100300300003900361INLIS00000000000001220231031034219 a0010-1023000008ta231031 0 ind  a978-602-244-398-8 a419 sof b a419 SOF b0 aSofie Dewayani;1 aBuku Panduan Guru Bahasa Indonesia untuk SMP kelas VII /cSofie Dewayani; Rakhma Subarni; C. Erni Setyowati; acat 1 2021; aJakarta Pusat; :bPusat Kurikulum dan Perbukuan;,c2021; ax; 278 hlm :bilus ;c17.6 x 25 cm